Il Katéchon (2Ts 2,6-7) e l'Anticristo. Teologia e politica di fronte al mistero dell'anomia.

Uloženo v:
Podrobná bibliografie
Médium: Kniha
Vydáno: Brescia, Italia: Morcelliana, 2009.
Edice:Politica e Religione. Anuario
Témata:
Tagy: Přidat tag
Žádné tagy, Buďte první, kdo vytvoří štítek k tomuto záznamu!

MARC

LEADER 00000nam a22000007a 4500
003 CL-VaPUC
005 20220822114855.0
008 220810t2009 ||||| |||| 00| 0 eng d
999 |c 438238  |d 438236 
020 |a 978-88-372-2295-6 
040 |c Pontificia Universidad Católica de Valparaíso 
082 7 |a 227.8206 KAT 2009  |2 22 
245 |a Il Katéchon (2Ts 2,6-7) e l'Anticristo.  |b Teologia e politica di fronte al mistero dell'anomia. 
260 |a Brescia, Italia:   |b Morcelliana,  |c 2009. 
300 |a 268 páginas. 
490 |a Politica e Religione.  |a Anuario  |n  2008/2009 
500 |a c.1 Donación Familia Prof. Alejandro Guzmán Brito. 
583 |c 20220810  |k Catalogador Asistente 
650 |a Epístola a los Tesalonicenses   |x Interpretación   |9 875430 
650 |a Anomia  |9 875431 
942 |2 ddc  |c BK  |n 0 
952 |0 0  |1 0  |2 ddc  |4 0  |6 227_820600000000000_KAT_2009  |7 1  |8 C_AGB  |9 586118  |a BIBDER  |b BIBDER  |d 2022-08-10  |e Donación  |i 5654102  |o 227.8206 KAT 2009  |p 5654102  |r 2023-01-25  |t 1  |w 2022-08-10  |y BK_US  |k AGB